Quizzes
Events
Quiz Creation
Community
Videos
Private Events
Remove Ads
Sign In
Join for FREE
Feedback
Dark Mode
Quiz Categories
Sports
Geography
Music
Movies
Television
Just For Fun
Miscellaneous
History
Literature
Language
Science
Gaming
Entertainment
Religion
Holiday
For Kids
Quiz Lab
Recent
Popular Today
Quiz Kudos Today
Editor Picks
Curator Picks
Quizzes by...
Day
Popularity
Type
Ratings
Length
Year
Community
Subscriptions
Recent Discussions
Orange Saloon
Badges
Playlists
Quests
Create
Leaderboards
Showdown
Live 5
Trivia Bingo
Activity
Puzzle Library
Sporcle Events
Private Events
Virtual Trivia
Globe League
Become a Host
Pub Owners
SporcleCon
Opinionation
Our Games
Videos
Blog
Mobile Apps
Partnerships
Remove Ads and Go Orange
Feedback
Sports
Athletes
MLB
NBA
NHL
NFL
Soccer
Sports Teams
WWE
NCAA
Football
Premier League
Basketball
Baseball
Hockey
Golf
Tennis
Cricket
Rugby
Auto Racing
Olympics
World Cup
Sports
Athletes
MLB
NBA
NHL
NFL
Soccer
Sports Teams
WWE
NCAA
Football
Premier League
Basketball
Baseball
Hockey
Golf
Tennis
Cricket
Rugby
Auto Racing
Olympics
World Cup
Random Quiz
Search Sporcle
×
Quiz Lab
Quiz Lab
Sports
Nintendo
Type in answers that appear in a list
Type in answers that appear in a list
Classic
Best Score? Go Orange.
Sheffield Wednesday Managers Stats
Can you name the Sheffield Wednesday Managers?
By
Brooksie74
10m
30 Questions
569 Plays
569 Plays
569 Plays
Comments
Comments
Give Quiz Kudos
Give Quiz Kudos
-
- Ratings
hide this ad
Replay
Link that replays current quiz
Next Quiz
Link to next quiz in quiz playlist
You Got
0%
They Got
Avg Score
50%
Avg Friend Score
Upgrade to see
Score Distribution
Jump to the score distribution portion of the page
Score
0/30
Timer
10:00
0
Plays Today
Years
Manager
% Correct
2011-
2012
Gary Megson
87.2%
1989-
1991
Ron Atkinson
86.1%
1997-
1998
Ron Atkinson
86.1%
2012-
Date
Dave Jones
86.1%
1998-
2000
Danny Wilson
82.2%
2006-
2009
Brian Laws
79.6%
2010-
2011
Alan Irvine
79.1%
2004-
2006
Paul Sturrock
78.9%
1991-
1995
Trevor Francis
77.7%
1977-
1983
Jack Charlton
72.4%
2002-
2004
Chris Turner
70.5%
1983-
1988
Howard Wilkinson
68.5%
2001-
2002
Terry Yorath
67.7%
1995-
1997
David Pleat
67%
2000-
2001
Paul Jewell
67%
Years
Manager
% Correct
2001-
2001
Peter Shreeves
59.9%
1971-
1973
Derek Dooley
44.3%
1988-
1989
Peter Eustace
44.1%
1964-
1968
Alan Brown
27.1%
1920-
1933
Robert Brown
26.7%
1958-
1961
Harry Catterick
25.3%
1975-
1977
Len Ashurst
23.2%
1942-
1958
Eric Taylor
21.8%
1969-
1971
Danny Williams
20.6%
1974-
1975
Steve Burtenshaw
16.5%
1891-
1920
Arthur Dickinson
15.6%
1961-
1964
Vic Buckingham
13%
1933-
1937
Billy Walker
12%
1968-
1969
Jack Marshall
9.5%
1937-
1942
Jimmy McMullan
6%
Quiz Playlist
Details
Report
Send in Message
Add To Playlist
Classic:
Type in answers that appear in a list
Quiz Source
Last Updated: May 11, 2017
Quiz Scoreboard
CHALLENGE
Sign Up to Join the Scoreboard
Show All
Scores
Hide
Comments
May contain spoilers
Recently Published
Popular People in 1961
by mucciniale
History
6m
1-10 Letter E Words III
by El_Dandy
Language
2m
One Thing in Common: World Cities II
by knightlancer
Geography
7m
More to Explore
Quiz From the Vault
Featured Blog Post
Where Did the Easter Bunny Come From?
hide this ad
You Might Also Like...
Tags
Nintendo Quiz
Manager
sheffield
Sheffield Wednesday
Wednesday
Today's Top Quizzes in Sports
Browse Sports
hide this ad
Today's Top Quizzes in Nintendo
Browse Nintendo
Top Contributed Quizzes in Sports
1
Les meilleurs buteurs des matchs entre le PSG et l’OM
2
Les entraîneurs de l'OM et du PSG au 21e siècle
3
2022 World Cup Stars
4
FIFA Club World Cup Champions
5
Name the Premier League winners with different clubs
6
La finale Lions - Afrique du Sud 2021
7
Criteria MLB: Left Handed Sluggers
8
Players with Multiple 50 Home Run Seasons
9
MLB Players with Two .350 Batting Average Seasons
10
MLB Hall of Famer by Rings
Explore More
Trending Topics
Marvel
Anime
NBA
Crossword
Harry Potter
Disney
Kpop
Pokémon
Soccer
Song
The Office
Country
Puzzle
NFL
WWE
hide this ad
More By:
Brooksie74
Quiz
Plays
Rating
Category
Featured
Created
Sheffield Wednesday Managers
569
5.00
Sports
Mar 31, 2011
Sheffield Wednesday Finals Goalscorers
135
Sports
Jun 1, 2011
Go to Creator's Profile
Score Distribution
Quiz Creator Spotlight
Brooksie74
Follow
Send a Message
Quizzes Created
-
Created Quiz Play Count
-
More By This Creator
Popular Quizzes Today
1
Find the US States - No Outlines Minefield
2
The Countries of the World
3
Find the Countries of Europe - No Outlines Minefield
4
Popular People in 1961
5
1-10 Letter E Words III
6
Find the US States
7
One Thing in Common: World Cities II
8
US States
More Sports Quizzes
Best Premier League Keepers by Saving Percentage
Curator's Pick
Trending Quizzes
Risky Map Clicking: Least Populous States A-Z
1-10 Letter F Words
1-10 Letter G Words
One Thing in Common: United Kingdom
Risky Map Clicking: Next State Alphabetically
Recently Updated
Leaping Animals
pecheneg
Reality TV Shows (A-Z)
bhenderson79
Rickey Henderson's Hall of Fame Teammates
pecheneg
Champions League XIs: Arsenal
pecheneg
Quick Pick: Celebrities in WWE's Hall of Fame
aduchscher
A-Z Keypad Blitz II
pecheneg
Multiple Oscar Actors
pecheneg
Mystery Phrase Blitz: Oscar 'Best Actors'
pecheneg
F. Scott Fitzgerald Novels
LTH
Pick 3 Villains
ddd62291
Trending Topics
Anime
Disney
Harry Potter
Marvel
Kpop
Crossword
NBA
Pokémon
The Office
NFL
Soccer
Country
WWE
Song
Puzzle
Your Account Isn't Verified!
In order to create a playlist on Sporcle, you need to verify the email address you used during registration. Go to your
Sporcle Settings
to finish the process.
Report this User
Report this user for behavior that violates our
Community Guidelines
.
Details:
Send Report
Go to the Sporcle.com Mobile Site →
Comments